| 000 | 01089nam a22003257a 4500 | ||
|---|---|---|---|
| 003 | CHAP | ||
| 005 | 20220329134406.0 | ||
| 008 | 971013s1980 r 00010 d | ||
| 010 | _a19849 | ||
| 011 | _a20821 | ||
| 035 | _a24910 | ||
| 040 | _cCHAP | ||
| 090 | _aFolleto 6914 | ||
| 100 | 0 | 0 |
_aAndrew, C. S. _95690 |
| 245 | _aFoliar symptoms of mineral disorders in Kenaf (Hibiscus cannabinus) | ||
| 260 |
_aMelbourne : _bCommonwealth Scientific and Industrial Research Organization. Division of Tropical Crops and Pastures, _c1980 |
||
| 300 |
_a12 p. _b: ilus |
||
| 490 |
_aTechnical paper _v; 22 |
||
| 590 |
_aBATCH-UPD _b10 _c20130110 _lUCH01 _h2150 |
||
| 590 |
_aBATCH-UPD _b10 _c20130410 _lUCH01 _h1458 |
||
| 590 |
_aBATCH-UPD _b10 _c20130914 _lUCH01 _h1200 |
||
| 590 |
_aCONVERSION _b10 _c20130109 _lUCH01 _h1312 |
||
| 650 | 1 | 4 |
_aDiagnóstico foliar. _932394 |
| 650 | 1 | 4 |
_aPlantas _xDeficiencias nutritivas. _988812 |
| 700 | 0 |
_aKenof, I. Pieters. _963053 |
|
| 830 | 0 |
_aTechnical paper _v; 22 _9111899 |
|
| 901 | _aBK | ||
| 942 | _cFOLL | ||
| 949 |
_bBC _cFOLL _d-57488 _eTS1 _i24910 _mD _si |
||
| 999 |
_c19849 _d19849 |
||